Návrh opatrení na formovanie podnikovej kultúry v podniku c2i s.r.o.

Salvato in:
Dettagli Bibliografici
Autore principale: Mikletič, Ondrej, 1976- (Autore)
Altri autori: Vaňová, Jaromíra, 1958- (Relatore della tesi)
Natura: Manoscritto Libro
Lingua:slovacco
Pubblicazione: Trnava : STU v Bratislave MTF UPMK, 2013
Soggetti:
Accesso online:VAIS
Tags: Aggiungi Tag
Nessun Tag, puoi essere il primo ad aggiungerne!!

MARC

LEADER 00000ntm a22000003a 4500
001 stu269711
005 20150617230246.3
008 130703s2013----xo------------------slo-d
040 |a STU  |b slo 
041 0 |a slo 
044 |a xo 
100 1 |a Mikletič, Ondrej,  |d 1976-  |4 aut  |u M  |T MTF Materiálovotechnologická fakulta  |X 66406  |U M  |Y 60  |7 A000066406 
242 0 0 |a The draft of measures for the formation of a corporate culture in the company's c2i Ltd  |y eng 
245 1 |a Návrh opatrení na formovanie podnikovej kultúry v podniku c2i s.r.o.  
260 |a Trnava :  |b STU v Bratislave MTF UPMK,  |c 2013 
650 7 |a priemyselné manažérstvo  |2 stusub 
650 7 |a Industrial Management  |2 estusub 
650 7 |a feedback  |2 estusub 
650 7 |a company culture  |2 estusub 
650 7 |a spätná väzba  |2 stusub 
650 7 |a vnútropodniková komunikácia  |2 stusub 
650 7 |a podniková kultúra  |2 stusub 
700 1 |a Vaňová, Jaromíra,  |d 1958-  |4 ths  |u M4000  |U MTF Materiálovotechnologická fakulta  |T MTF Ústav priemyselného inžinierstva a manažmentu  |X 2877  |U M4000  |Y 84  |7 A000002877 
856 4 |a info a plný text  |u http://is.stuba.sk/zp/portal_zp.pl?podrobnosti=66485  |3 VAIS 
996 |c M*BP-6505  |l MMSKP  |s P  |a 0  |w stu269711_0001